Регионална библиотека "Любен Каравелов" - Русе

Окса Полок (Запис номер 124624)

MARC детайли
000 -Лидер
Контролно поле с фиксирана дължина 01543nam a2200385 c 4500
003 - Код на организацията, давaща контролен номер
Контролно поле BLK
005 - Дата и час на последна редакция
Контролно поле 20221207153607.0
008 - Елементи от данни с фиксирана дължина
fixed length control field 180409b bul|||||r ||||||| ||bul||
010 ## - Наследен системен номер
LC control number KNG00130290000
020 ## - Международен стандартен номер на книга ISBN
Международен стандартен номер на книга ISBN 978-954-320-393-2
-- издат.: Рива
040 ## - Източник на каталожния запис
Идентификатор на билиотеката - собственик на записа BLK
041 ## - Код за език
Код за езика на текст/звукозапис или на отделно заглавие Български
Код за езика КДБФ Български
072 #7 - Код за тематичната категория
Код организация bullib
Код за тематична категория Н85
Текст Детска художествена литература Н
080 ## - УДК
Текстов определител УДК Френска литература
УДК код - определител по УДК 821.133.1
УДК определител -93-312.9
УДК - код + определител 821.133.1-93-312.9
100 1# - Редна дума - Автор
Автор Плишота, Ан
Авторска отговорност първи автор
R(LIN) 111183
139 ## - Редно поле
Редна дума Плишота, Ан и др.
Авторски знак Пле - П 59
245 10 - Сведения за заглавието
Заглавие Окса Полок
Подзаглавни данни Невидимият свят : Роман
Редно поле (дума) Ан Плишота; съавт. Сендрин Волф; прев. от фр. Радост Владимирова.
257 ## - Страна на издаване
Страна на създаване/издаване Франция
260 ## - Област на издателските данни
-- София
Име на издателя, разпространителя и проч. Рива
Година на издаване 2012
Печатница В. Търново : Абагар
300 ## - Физическа характеристика
Страници 488 с.
Размери/Мащаб 21 см
380 ## - Жанр
Жанр Детска худож. лит.
500 ## - Общи забележки
Забележка Ориг. загл. Oksa Pollock / Anne Plichota, Cendrine Wolf.
653 ## - Ключова дума – ненормативна
Ключова дума фантастика
653 ## - Ключова дума – ненормативна
Ключова дума романи
653 ## - Ключова дума – ненормативна
Ключова дума литература за деца
653 ## - Ключова дума – ненормативна
Ключова дума детска литература
659 ## - Тематичен бюлетин
Тематичен бюлетин Н
700 1# - Други автори (авторска отговорност)
Лично име Волф, Сендрин
Автороска отговорност (Описва отношението между автора и произведението) съавт.
9 (RLIN) 318907
700 1# - Други автори (авторска отговорност)
Лично име Владимирова, Радост Атанасова
9 (RLIN) 283264
852 ## - Местоположение
Форматна сигнатура Цб 255014
856 4# - Електронен адрес и достъп
Електронен формат pdf - файл
Път до файла /url/
856 4# - Електронен адрес и достъп
Електронен формат pdf - файл
Път до файла /url/
942 ## - АРТИКУЛИ
Вид на библиотечния материал Книги
Скрит в OPAC Не
Koha issues (borrowed), all copies 1
944 ## - СЪЗДАВАНЕ И РЕДАКЦИЯ на ЗАПИСА
Създаване/Редакция Създаване
Дата на регистрацията/редакция 04.05.2012
Статус, дата на статуса ф /
Служител, извършил регистрацията/редакцията Людмила_Стоянова
944 ## - СЪЗДАВАНЕ И РЕДАКЦИЯ на ЗАПИСА
Създаване/Редакция Редакция
Дата на регистрацията/редакция 02.03.2016
Статус, дата на статуса ф /
Служител, извършил регистрацията/редакцията Пенка_Димитрова
999 ## - СИСТЕМНИ КОНТРОЛНИ НОМЕРА
Koha biblionumber 124624
Koha biblioitemnumber 124624
Наличности
Код за отписване Код за изгубен артикул Код за повреда Коз за рестрикции Код за отдаване Артикулен № Име на библиотеката - собственик Име на библиотеката, в която се намира в момента Статус (Текущо местоположение) Дата на вписване в системата Местоположение - отдел Цена в лева Инвентарен номер Систематично азбучна сигнатура Баркод Номер на екземпляра Цена в евро Служебна бележка Служебен тип на артикула
  Не е изгубен Не е повреден без рестрикции заемане за дома 202259 Регионална библиотека "Любен Каравелов" Русе Регионална библиотека "Любен Каравелов" Русе Детски отдел 2012-05-16 Детски отдел 15.00 120000757263 ДХ 820/899/П 59 120000757263 1 7.67 Дост: DA Вид: А N: 7 Дата: 16.05.2012 Дата инв: 10.08.2015 Бележки инв: Д2015 Книги
  Не е изгубен Не е повреден без рестрикции ползва се в читалня 202260 Регионална библиотека "Любен Каравелов" Русе Регионална библиотека "Любен Каравелов" Русе Хранилище 2016-03-02 Хранилище 15.00 120000798501 Цб 255014 120000798501 2 7.67 Дост: Dp Вид: Д N: 5 Дата: 20.01.2016 Книги
Vip Innovations Ltd, Rousse, Bulgaria 2025